00399pab a2200145 454500008004000000100002000040245009200060260000900152300001400161362000800175650001800183650001000201700001600211773002600227180718b2009 xxu||||| |||| 00| 0 eng d aGulati, Rachita aEfficiency-profitability relationship in Indian domestic banks: a disaggregate analysis c2009 ap.411-33. aDec aBanks - India aBanks aSunil Kumar aAsian Economic Review